00354nam a2200145Ia 4500008004100000084001500041100001900056245003300075250002000108260001500128260000900143260001100152300001000163500003500173180424s9999 xx 000 0 und d a574.192 V5 a"Voet, Doneld" 0aFundamentals of Biochemistry a\\199900ENGGPCX aJohn Wiley b1999 cLondon a1224p aincludes index and biblioraphy